Digitálne média a hodnotové orientácie detí a rodín

Podrobná bibliografia
Hlavný autor: Kopčanová, Dagmar (Autor)
Médium: Článok
Jazyk:slovenčina
ISSN:0139-6919
Predmet:

MARC

LEADER 00000nab a2200000 ar4500
001 vtls010655755
003 SK-MaSNL
005 20260303090053.0
008 150219c2015 xo mr|p|||an |000 b|slo
015 |a SNBRB2015/02 
038 |a SPK 
040 |a SPKCL  |b slo  |c AACR2  |e AACR2 
041 0 |a slo  |b slo 
044 |a xo  |c SK 
072 7 |a 316.77  |x Informačná veda  |2 konspekt 
080 |a 316.774:004.9  |2 2001 
080 |a 004.9  |2 2001 
080 |a 316.752  |2 2001 
100 1 |a Kopčanová, Dagmar  |4 aut  |9 8779 
245 1 0 |a Digitálne média a hodnotové orientácie detí a rodín  |c Dagmar Kopčanová 
504 |a Bibliogr. odkazy 
546 |a Res. slov. 
650 0 7 |a digitálne médiá  |2 snkbucl  |9 205955 
650 0 7 |a hodnotová orientácia  |2 snkbucl  |9 1021 
773 0 |t Vychovávateľ  |g Roč. LXIII, č. 5-6(2015), s. 2-8  |x 0139-6919 
852 |a SPK  |b KIS3GCP 
958 |a NB  |2 spk 
999 |c 1801714  |d 1803644